000 01029nam a2200229Ia 4500
999 _c37529
_d37529
001 3493
003 GE_BSU
005 20190528191348.0
008 181216s1965|||| |||||||||||||| ||geo||
040 _cGE_BSU
041 _ageo
080 _a544(075.8) კ-19
100 _aკირეევი, ვ. ა.
_91769
245 _aფიზიკური ქიმიის მოკლე კურსი : სახელმძღვ. /
_cვ.ა. კირეევი ; რედ : ბ.კანდელაკი ; მთარგმ : ო. მოდებაძე.
264 _aთბილისი :
_bგანათლება,
_c1965.
300 _a737 გვ .:
_c22 სმ.
653 _aფიზიკური ქიმია
653 _aფიზიკური ქიმიის მოკლე კურსი
700 _aკანდელაკი, ბ
_eრედაქტორი
_91770
700 _aმოდებაძე, ო
_eმთარგმნელი
_91771
942 _cBK
_2udc